|
|
|
|
| LEADER |
00000nlm0a2200000 4500 |
| 001 |
646370 |
| 005 |
20231214154604.0 |
| 029 |
1 |
0 |
|a RU
|b 2335554
|c Пат.
|d МПК C 22 B 60/02
|d МПК C 22 B 3/20
|
| 035 |
|
|
|a (RuTPU)RU\TPU\network\11506
|
| 035 |
|
|
|a RU\TPU\network\11499
|
| 039 |
0 |
|
|a RU
|b 2006139856/02
|c 20061110
|
| 090 |
|
|
|a 646370
|
| 100 |
|
|
|a 20160226j20081010k y0rusy50 ca
|
| 101 |
0 |
|
|a rus
|
| 102 |
|
|
|a RU
|
| 105 |
|
|
|a a k 000zy
|
| 135 |
|
|
|a drgn ---uucaa
|
| 181 |
|
0 |
|a i
|
| 182 |
|
0 |
|a b
|
| 200 |
1 |
|
|a Способ извлечения америция в виде диоксида америция из растворов
|f П. М. Гаврилов [и др.]
|g Сибирский химический комбинат (СХК)
|
| 203 |
|
|
|a Текст
|c электронный
|
| 300 |
|
|
|a опубл. 10.10.08
|
| 330 |
|
|
|a Изобретение относится к способам извлечения америция в виде диоксида америция из растворов. Изобретение может быть использовано в технологии извлечения америция в виде диоксида из оборотов производства и радиоактивных отходов. Диоксид америция используют, например, в источниках ионизирующих излучений, применяемых в геолого-разведочных (каротажных) работах.
|
| 610 |
1 |
|
|a патенты
|
| 610 |
1 |
|
|a труды учёных ТПУ
|
| 610 |
1 |
|
|a электронный ресурс
|
| 610 |
1 |
|
|a изобретения
|
| 610 |
1 |
|
|a америций
|
| 610 |
1 |
|
|a диоксид америция
|
| 610 |
1 |
|
|a растворы
|
| 610 |
1 |
|
|a радиоактивные отходы
|
| 610 |
1 |
|
|a ионизирующие излучения
|
| 610 |
1 |
|
|a геолого-разведочные работы
|
| 610 |
1 |
|
|a каротажные работы
|
| 701 |
|
1 |
|a Гаврилов
|b П. М.
|c специалист в области атомной энергетики
|c профессор Томского политехнического университета, доктор технических наук
|f 1960-
|g Петр Михайлович
|3 (RuTPU)RU\TPU\pers\27697
|9 12771
|
| 701 |
|
1 |
|a Деменко
|b А. А.
|g Александр Алексеевич
|
| 701 |
|
1 |
|a Евстафьев
|b А. А.
|g Алексей Алексеевич
|
| 701 |
|
1 |
|a Житков
|b С. А.
|g Сергей Александрович
|
| 701 |
|
1 |
|a Короткевич
|b В. М.
|g Владимир Михайлович
|
| 701 |
|
1 |
|a Скрипников
|b В. В.
|g Владимир Васильевич
|
| 701 |
|
1 |
|a Стихин
|b В. Ф.
|g Виктор Филиппович
|
| 712 |
0 |
2 |
|a Сибирский химический комбинат (СХК)
|c Федеральное государственное унитарное предприятие
|c (Северск)
|3 (RuTPU)RU\TPU\col\111
|
| 801 |
|
1 |
|a RU
|b 63413507
|c 20120201
|
| 801 |
|
2 |
|a RU
|b 63413507
|c 20160229
|g RCR
|
| 856 |
4 |
|
|u http://www.fips.ru/Archive/PAT/2008FULL/2008.10.10/DOC/RUNWC2/000/000/002/335/554/document.pdf
|
| 942 |
|
|
|c CF
|